Religione, ateismo e filosofia : (Record n. 1508)

Dettagli MARC
000 -LEADER
fixed length control field 01235nam a2200289 i 4500
003 - CONTROL NUMBER IDENTIFIER
control field IT-RoINE
005 - DATE AND TIME OF LATEST TRANSACTION
control field 20201113111143.0
008 - FIXED-LENGTH DATA ELEMENTS--GENERAL INFORMATION
fixed length control field 030613s1980 it |||||r |01||| ita d
020 ## - INTERNATIONAL STANDARD BOOK NUMBER
International Standard Book Number 8821300234
040 ## - CATALOGING SOURCE
Original cataloging agency UPSA
Transcribing agency IT-RoINE
041 0# - LANGUAGE CODE
Language code of text/sound track or separate title ita
-- eng
-- fre
-- ger
245 00 - TITLE STATEMENT
Title Religione, ateismo e filosofia :
Remainder of title scritti in onore del prof. Vincenzo Miano nel suo 70º compleanno /
Statement of responsibility, etc a cura della Facoltà di Filosofia dell'Università Pontificia Salesiana di Roma.
260 ## - PUBLICATION, DISTRIBUTION, ETC. (IMPRINT)
Place of publication, distribution, etc Roma :
Name of publisher, distributor, etc LAS,
Date of publication, distribution, etc 1980.
300 ## - PHYSICAL DESCRIPTION
Extent 235 p., [1] h. de lám. ;
Dimensions 24 cm.
336 ## - CONTENT TYPE
Source rdacontent
Content type term text
337 ## - MEDIA TYPE
Source rdamedia
Media type term unmediated
338 ## - CARRIER TYPE
Source rdacarrier
Carrier type term volume
490 10 - SERIES STATEMENT
Series statement Biblioteca di scienze religiose ;
Volume number/sequential designation 39
546 ## - LANGUAGE NOTE
Language note Texto en francés, inglés, italiano y alemán.
600 14 - SUBJECT ADDED ENTRY--PERSONAL NAME
9 (RLIN) 2904
Personal name Miano, Vincenzo,
Titles and other words associated with a name S.D.B.,
Dates associated with a name 1910-1980
Form subdivision Discursos, ensayos, conferencias
650 04 - SUBJECT ADDED ENTRY--TOPICAL TERM
Topical term or geographic name as entry element Religión
General subdivision Filosofía
Form subdivision Discursos, ensayos, conferencias
9 (RLIN) 2905
650 04 - SUBJECT ADDED ENTRY--TOPICAL TERM
9 (RLIN) 2906
Topical term or geographic name as entry element Ateísmo
Form subdivision Discursos, ensayos, conferencias
700 1# - ADDED ENTRY--PERSONAL NAME
Personal name Miano, Vincenzo
Titles and other words associated with a name S.D.B.,
Dates associated with a name 1910-1980
9 (RLIN) 2600
710 2# - ADDED ENTRY--CORPORATE NAME
9 (RLIN) 2907
Corporate name or jurisdiction name as entry element Pontificia Università Salesiana (Roma, Italia).
Subordinate unit Facoltà di Filosofia
830 #0 - SERIES ADDED ENTRY--UNIFORM TITLE
9 (RLIN) 2851
Uniform title Biblioteca di scienze religiose (LAS) ;
Volume number/sequential designation 39
942 ## - ADDED ENTRY ELEMENTS (KOHA)
Item type Monografías
Dati di copia
Withdrawn status Lost status Damaged status Not for loan Home library Current library Date acquired Inventory number Total Checkouts Full call number Barcode Date last seen Price effective from Koha item type
        Iglesia Nacional Española en Roma Iglesia Nacional Española en Roma 14/01/2014 90428   TEO 275 1735 14/01/2014 14/01/2014 Monografías